L'Església Vella de Sant Menna / Joan Manuel Coll i Riera (direcció tècnica), Josep A. Molina i Vallmitjana, Jordi Roig i Buxó
Descripción Física:
163 p. : il. ; 31 cm
MARC
| LEADER | 00000nam a2200000Ia 4500 | ||
|---|---|---|---|
| 001 | 12669 | ||
| 008 | 160829s1995 xx 000 0 cat d | ||
| 080 | |a FOL-1-66 | ||
| 100 | |a Coll Riera, Joan-Manuel |9 33362 | ||
| 245 | |a L'Església Vella de Sant Menna / Joan Manuel Coll i Riera (direcció tècnica), Josep A. Molina i Vallmitjana, Jordi Roig i Buxó | ||
| 260 | |a Sentmenat : |b Ajuntament, |c 1995 | ||
| 300 | |a 163 p. : |b il. ; |c 31 cm | ||
| 590 | |a A peu de portada: Sentmenat del segle V al segle XX | ||
| 650 | |a Sentmenat |x Història |9 33363 | ||
| 650 | |a Art paleocristia |x Sentmenat |9 33364 | ||
| 650 | |a Sentmenat |x Arqueologia I |9 33365 | ||
| 650 | |a Església Vella de Sant Menna (Sentmenat) |9 33366 | ||
| 700 | |a Molina Vallmitjana, Josep A. |9 33367 | ||
| 700 | |a Roig Buxó, Jordi |9 33368 | ||
| 710 | 1 | |a Sentmenat (Catalunya). |b Ajuntament |9 53921 | |
| 901 | |a Arxiu | ||
| 942 | |n 1 | ||
| 952 | |0 0 |1 0 |4 0 |6 FOL166 |7 1 |9 46277 |a Arxiu |b Arxiu |d 2016-12-01 |l 0 |o FOL-1-66 |p 12669 |r 2016-12-01 00:00:00 |w 2016-12-01 |y ARXIU | ||
| 999 | |c 49779 |d 49779 | ||